[Event "España tch División de Honor 2014"]
[Site "Linares ESP"]
[Date "2014.09.07"]
[Round "4.3"]
[White "Bacrot, Etienne"]
[Black "Harikrishna, Pentala"]
[Result "1/2-1/2"]
[WhiteElo "2729"]
[BlackElo "2725"]
[PlyCount "152"]
[EventDate "2014.09.04"]
[EventType "team-tourn"]
[EventRounds "7"]
[EventCountry "ESP"]
[Source "lmi"]
[SourceDate "2014.09.04"]
[WhiteTeam "GROS XAKE TALDEA"]
[BlackTeam "C.A. SOLVAY"]

1. d4 Nf6 2. c4 e6 3. Nf3 b6 4. g3 Ba6 5. Qb3 Nc6 6. Nbd2 Na5 7. Qa4 Bb7 8. Bg2
c5 9. dxc5 bxc5 10. O-O Be7 11. Rd1 O-O 12. e4 d6 13. e5 Bc6 14. Qc2 dxe5 15.
Nb3 Qc7 16. Nxa5 Qxa5 17. Nxe5 Bxg2 18. Kxg2 Qc7 19. Qe2 Rad8 20. Bf4 Bd6 21.
Rd3 Bxe5 22. Bxe5 Qc6+ 23. f3 Rxd3 24. Qxd3 Qd7 25. Qxd7 Nxd7 26. Bf4 Nb6 27.
b3 f6 28. Rd1 Rc8 29. a4 e5 30. Be3 Rc7 31. Rd8+ Kf7 32. a5 Nd7 33. a6 Ke6 34.
Ra8 Kd6 35. Bd2 Nb6 36. Rg8 Nc8 37. Ba5 Rc6 38. Rxg7 Rxa6 39. Bd8 Ra2+ 40. Kh3
Ra3 41. Bxf6 Rxb3 42. Kg4 Ke6 43. Bg5 Rc3 44. Rxh7 Rxc4+ 45. Kh5 a5 46. h4 a4
47. Rh6+ Kd7 48. Ra6 e4 49. fxe4 Rxe4 50. g4 Nd6 51. Bf6 Ne8 52. g5 Nxf6+ 53.
Rxf6 Re6 54. Rf1 a3 55. g6 a2 56. g7 Re8 57. Kh6 Ra8 58. Ra1 Kc6 59. Kh7 Ra7
60. Kh8 Ra4 61. h5 Rh4 62. Rxa2 Rxh5+ 63. Kg8 Rg5 64. Kf7 Kd5 65. Ra8 Rxg7+ 66.
Kxg7 c4 67. Kf6 c3 68. Kf5 Kd4 69. Kf4 c2 70. Rc8 Kd3 71. Kf3 Kd2 72. Rd8+ Kc3
73. Rc8+ Kd2 74. Rd8+ Kc3 75. Rc8+ Kd2 76. Rxc2+ Kxc2 1/2-1/2

[Event "España tch División de Honor 2014"]
[Site "Linares ESP"]
[Date "2014.09.07"]
[Round "4.3"]
[White "Delchev, Aleksander"]
[Black "Van Wely, Loek"]
[Result "1/2-1/2"]
[WhiteElo "2660"]
[BlackElo "2650"]
[PlyCount "130"]
[EventDate "2014.09.04"]
[EventType "team-tourn"]
[EventRounds "7"]
[EventCountry "ESP"]
[Source "lmi"]
[SourceDate "2014.09.04"]
[WhiteTeam "C.A. SOLVAY"]
[BlackTeam "GROS XAKE TALDEA"]

1. d4 Nf6 2. c4 e6 3. Nf3 d5 4. g3 Bb4+ 5. Bd2 Be7 6. Bg2 O-O 7. O-O c6 8. Qc2
Nbd7 9. Bf4 b6 10. Rd1 Bb7 11. Ne5 Nxe5 12. dxe5 Nd7 13. cxd5 cxd5 14. e4 dxe4
15. Bxe4 Bxe4 16. Qxe4 Nc5 17. Qe2 Qc7 18. Nc3 Qb7 19. b4 Na6 20. a3 Rfd8 21.
Ne4 Nc7 22. Bg5 Nd5 23. Bxe7 Qxe7 24. Rdc1 h6 25. Rc6 Rac8 26. Rac1 Rxc6 27.
Rxc6 a5 28. bxa5 bxa5 29. Nd6 Qa7 30. Qc4 Qb8 31. Qc2 Qa7 32. Rc5 Rb8 33. h4 g6
34. Rc8+ Kg7 35. Ne8+ Kh7 36. h5 Rxc8 37. hxg6+ fxg6 38. Qxc8 Qe7 39. Nd6 h5
40. Ne4 Kg7 41. Nc5 Kf7 42. Nb7 g5 43. Nd8+ Kg6 44. Nxe6 Qxa3 45. Qc6 Ne7 46.
Nf8+ Kf5 47. Qf6+ Ke4 48. Ne6 g4 49. Ng5+ Kd5 50. e6 Qb4 51. Kh2 a4 52. Nf7 Qd4
53. Qxe7 Qxf2+ 54. Kh1 Qf1+ 55. Kh2 Qf2+ 56. Kh1 Qf1+ 57. Kh2 Qh3+ 58. Kg1
Qxg3+ 59. Kf1 Qf3+ 60. Ke1 Qe3+ 61. Kd1 Qd3+ 62. Kc1 Qc3+ 63. Kd1 Qd3+ 64. Kc1
Qc3+ 65. Kd1 Qd3+ 1/2-1/2

[Event "España tch División de Honor 2014"]
[Site "Linares ESP"]
[Date "2014.09.07"]
[Round "4.3"]
[White "Sokolov, Ivan"]
[Black "Ganguly, Surya Shekhar"]
[Result "1/2-1/2"]
[WhiteElo "2646"]
[BlackElo "2614"]
[PlyCount "136"]
[EventDate "2014.09.04"]
[EventType "team-tourn"]
[EventRounds "7"]
[EventCountry "ESP"]
[Source "lmi"]
[SourceDate "2014.09.04"]
[WhiteTeam "GROS XAKE TALDEA"]
[BlackTeam "C.A. SOLVAY"]

1. d4 Nf6 2. Nf3 g6 3. Bg5 Bg7 4. Nbd2 d6 5. e4 O-O 6. c3 c5 7. dxc5 dxc5 8.
Qc2 Nc6 9. Be2 h6 10. Be3 b6 11. h3 Bb7 12. Rd1 Qc7 13. O-O Rad8 14. Rfe1 Rd7
15. Nc4 Rxd1 16. Rxd1 Nd8 17. Ncd2 Qb8 18. Bc4 Nc6 19. e5 Nxe5 20. Nxe5 Qxe5
21. Qxg6 e6 22. Qd3 Nd5 23. Nf3 Qf6 24. Bc1 Nf4 25. Qe3 Nxh3+ 26. Kf1 Bxf3 27.
Qxf3 Qh4 28. Bb3 Ng5 29. Bxg5 Qxg5 30. g3 Rd8 31. Kg2 Rd2 32. Qa8+ Bf8 33. Rxd2
Qxd2 34. Qxa7 b5 35. c4 b4 36. Qa8 Qxb2 37. Qe4 Be7 38. Bc2 Kf8 39. Qa8+ Kg7
40. Qe4 Kf8 41. Qa8+ Kg7 42. Qe4 Bg5 43. Bb1 f5 44. Qd3 Kf7 45. Qc2 Qa1 46. Kh3
Qd4 47. Qe2 Qa1 48. Qc2 Ke7 49. f4 Bf6 50. g4 fxg4+ 51. Kxg4 Qd4 52. Qh7+ Bg7
53. Qe4 Qd1+ 54. Kh3 Bd4 55. Bd3 Kd6 56. f5 Qh5+ 57. Kg2 Qg5+ 58. Kh3 Qh5+ 59.
Kg2 Qg5+ 60. Kh3 exf5 61. Qd5+ Ke7 62. Qb7+ Kf6 63. Qc6+ Ke7 64. Qc7+ Kf8 65.
Qc8+ Kf7 66. Qxf5+ Qxf5+ 67. Bxf5 Kf6 68. Bc2 Ke5 1/2-1/2

[Event "España tch División de Honor 2014"]
[Site "Linares ESP"]
[Date "2014.09.07"]
[Round "4.3"]
[White "Adhiban, Baskaran"]
[Black "Franco Alonso, Alejandro"]
[Result "1-0"]
[WhiteElo "2619"]
[BlackElo "2471"]
[PlyCount "64"]
[EventDate "2014.09.04"]
[EventType "team-tourn"]
[EventRounds "7"]
[EventCountry "ESP"]
[Source "lmi"]
[SourceDate "2014.09.04"]
[WhiteTeam "C.A. SOLVAY"]
[BlackTeam "GROS XAKE TALDEA"]

1. e4 c5 2. Nf3 e6 3. d4 cxd4 4. Nxd4 Nf6 5. Nc3 d6 6. Be3 Nc6 7. Be2 Be7 8.
Qd2 O-O 9. O-O-O a6 10. f4 Bd7 11. g4 Nxd4 12. Qxd4 Bc6 13. g5 Nd7 14. h4 b5
15. h5 b4 16. Nd5 Bxd5 17. h6 e5 18. Qxd5 g6 19. Rhg1 exf4 20. Bxf4 Ne5 21. Bc4
Qc7 22. Bb3 a5 23. Ba4 Rac8 24. Kb1 Qb8 25. Qxa5 Rc5 26. Qa6 Nf3 27. Rgf1 Nxg5
28. Bb3 Ne6 29. Bxd6 Bxd6 30. Rxd6 Ra5 31. Qd3 Re5 32. Qd1 Qd8 1-0

[Event "España tch División de Honor 2014"]
[Site "Linares ESP"]
[Date "2014.09.07"]
[Round "4.3"]
[White "Gonzalez De La Torre, Santiago"]
[Black "Cacho Reigadas, Sergio"]
[Result "1-0"]
[WhiteElo "2450"]
[BlackElo "2511"]
[PlyCount "101"]
[EventDate "2014.09.04"]
[EventType "team-tourn"]
[EventRounds "7"]
[EventCountry "ESP"]
[Source "lmi"]
[SourceDate "2014.09.04"]
[WhiteTeam "GROS XAKE TALDEA"]
[BlackTeam "C.A. SOLVAY"]

1. e4 c5 2. Nf3 e6 3. d4 cxd4 4. Nxd4 a6 5. Nc3 Qc7 6. Bd3 Nf6 7. f4 d6 8. Qe2
Nbd7 9. g4 g6 10. g5 Nh5 11. Bd2 Nb6 12. O-O-O Bd7 13. e5 O-O-O 14. Ne4 dxe5
15. fxe5 Qxe5 16. Nf3 Qc7 17. Ba5 Nf4 18. Qf2 Nfd5 19. a3 Bg7 20. c4 Qf4+ 21.
Rd2 Bc6 22. Qg3 Qxg3 23. hxg3 Ne7 24. Bxb6 Rxd3 25. Rxd3 Bxe4 26. Re3 Bc6 27.
Rd1 Kb8 28. Ne5 Bxe5 29. Rxe5 Nc8 30. Rd8 Rxd8 31. Bxd8 Nd6 32. b3 Ne4 33. Bb6
Kc8 34. b4 Nd6 35. c5 Nc4 36. Re2 Nxa3 37. Rf2 Be8 38. Rh2 Nc4 39. Rxh7 Nxb6
40. cxb6 Kd7 41. Kd2 e5 42. Rh1 Kc6 43. Re1 Kd5 44. Ke3 Bb5 45. Rc1 Bc4 46. Rc2
e4 47. Rc1 Bb5 48. Rc7 Bc6 49. Kf4 Kd6 50. Rxf7 Kd5 51. Rc7 1-0

[Event "España tch División de Honor 2014"]
[Site "Linares ESP"]
[Date "2014.09.07"]
[Round "4.3"]
[White "De La Villa Garcia, Jesus Maria"]
[Black "Argandona Riveiro, Inigo"]
[Result "1-0"]
[WhiteElo "2483"]
[BlackElo "2434"]
[PlyCount "89"]
[EventDate "2014.09.04"]
[EventType "team-tourn"]
[EventRounds "7"]
[EventCountry "ESP"]
[Source "lmi"]
[SourceDate "2014.09.04"]
[WhiteTeam "C.A. SOLVAY"]
[BlackTeam "GROS XAKE TALDEA"]

1. e4 c5 2. Nf3 g6 3. d4 cxd4 4. c3 Bg7 5. Bc4 d3 6. O-O Nc6 7. Qxd3 d6 8. Rd1
Qc7 9. Bf4 a6 10. Qe2 Ne5 11. Nxe5 Bxe5 12. Bxe5 dxe5 13. Na3 Nf6 14. Nc2 Be6
15. Bxe6 fxe6 16. Ne3 O-O 17. Ng4 Nxg4 18. Qxg4 Qb6 19. Qe2 Rad8 20. g3 Rxd1+
21. Rxd1 Rd8 22. Rxd8+ Qxd8 23. h4 h6 24. Kg2 Kg7 25. Qc4 Kf6 26. Qc5 Qd3 27.
Qe3 Qxe3 28. fxe3 Kf7 29. Kf2 Ke8 30. Ke2 Kd7 31. Kd3 Kc6 32. Kc4 g5 33. hxg5
hxg5 34. g4 Kd6 35. Kb4 b6 36. c4 Kc6 37. b3 Kd6 38. a4 Kc6 39. a5 Kb7 40. Ka4
Kc6 41. axb6 Kxb6 42. b4 Kb7 43. Ka5 Ka7 44. c5 Kb7 45. c6+ 1-0

[Event "España tch División de Honor 2014"]
[Site "Linares ESP"]
[Date "2014.09.07"]
[Round "4.4"]
[White "Rakhmanov, Aleksandr"]
[Black "Sargissian, Gabriel"]
[Result "1-0"]
[WhiteElo "2626"]
[BlackElo "2691"]
[PlyCount "129"]
[EventDate "2014.09.04"]
[EventType "team-tourn"]
[EventRounds "7"]
[EventCountry "ESP"]
[Source "lmi"]
[SourceDate "2014.09.04"]
[WhiteTeam "ESCOLA D'ESCACS DE BARCELONA"]
[BlackTeam "CLUB MAGIC EXTREMADURA"]

1. d4 Nf6 2. c4 e6 3. Nc3 Bb4 4. e3 O-O 5. Bd3 d5 6. Nge2 dxc4 7. Bxc4 c5 8.
O-O cxd4 9. exd4 Nbd7 10. Qd3 Nb6 11. Bb3 Re8 12. Bg5 Be7 13. Nf4 Bd7 14. Qg3
Bc6 15. Rfe1 Nfd5 16. Bxe7 Rxe7 17. Nh5 Qf8 18. Bxd5 Bxd5 19. Nf6+ Kh8 20.
Nfxd5 exd5 21. Rxe7 Qxe7 22. Qe5 Qxe5 23. dxe5 g5 24. Rd1 Rd8 25. h4 g4 26. Kh2
Kg7 27. Kg3 h5 28. b3 Kg6 29. Ne2 Kf5 30. Nf4 d4 31. Nxh5 d3 32. Nf4 d2 33. h5
Nc8 34. h6 Ne7 35. h7 Kg5 36. Rxd2 Rh8 37. Ne2 Nf5+ 38. Kh2 g3+ 39. Nxg3 Rxh7+
40. Kg1 Nxg3 41. fxg3 Rh6 42. Rd6 Re6 43. Rd7 Ra6 44. Rxb7 Rxa2 45. Rxf7 Rb2
46. Rxa7 Rxb3 47. e6 Re3 48. Re7 Kf5 49. Kh2 Kf6 50. Re8 Kg5 51. g4 Kf6 52. e7
Kg7 53. g5 Kf7 54. Rf8+ Kxe7 55. Rf5 Ke6 56. Rf3 Re5 57. g6 Rh5+ 58. Rh3 Ra5
59. Rg3 Ra8 60. g7 Kf7 61. g8=Q+ Rxg8 62. Rxg8 Kxg8 63. Kg3 Kg7 64. Kg4 Kg6 65.
g3 1-0

[Event "España tch División de Honor 2014"]
[Site "Linares ESP"]
[Date "2014.09.07"]
[Round "4.4"]
[White "Oparin, Grigoriy"]
[Black "Spraggett, Kevin"]
[Result "1/2-1/2"]
[WhiteElo "2540"]
[BlackElo "2564"]
[PlyCount "60"]
[EventDate "2014.09.04"]
[EventType "team-tourn"]
[EventRounds "7"]
[EventCountry "ESP"]
[Source "lmi"]
[SourceDate "2014.09.04"]
[WhiteTeam "CLUB MAGIC EXTREMADURA"]
[BlackTeam "ESCOLA D'ESCACS DE BARCELONA"]

1. e4 c5 2. Nf3 e6 3. d4 cxd4 4. Nxd4 a6 5. Nc3 Qc7 6. Be2 Nf6 7. O-O d6 8. f4
Be7 9. Kh1 O-O 10. Qe1 b5 11. Bf3 Bb7 12. e5 Ne8 13. a3 Nc6 14. Be3 dxe5 15.
Nxc6 Bxc6 16. Bxc6 Qxc6 17. fxe5 f5 18. exf6 Bxf6 19. Bd2 Nc7 20. Rb1 Rad8 21.
Rf3 Nd5 22. Qe4 Ne7 23. Rd3 Bxc3 24. Qxc6 Nxc6 25. Bxc3 Rxd3 26. cxd3 Rd8 27.
Re1 e5 28. Bxe5 Nxe5 29. Rxe5 Rxd3 30. h3 Rb3 1/2-1/2

[Event "España tch División de Honor 2014"]
[Site "Linares ESP"]
[Date "2014.09.07"]
[Round "4.4"]
[White "Cruz, Cristhian"]
[Black "Svetushkin, Dmitry"]
[Result "1-0"]
[WhiteElo "2569"]
[BlackElo "2580"]
[PlyCount "45"]
[EventDate "2014.09.04"]
[EventType "team-tourn"]
[EventRounds "7"]
[EventCountry "ESP"]
[Source "lmi"]
[SourceDate "2014.09.04"]
[WhiteTeam "ESCOLA D'ESCACS DE BARCELONA"]
[BlackTeam "CLUB MAGIC EXTREMADURA"]

1. d4 Nf6 2. c4 e6 3. Nc3 Bb4 4. e3 O-O 5. Nge2 d5 6. a3 Bd6 7. c5 Be7 8. b4 c6
9. Nf4 Nbd7 10. Bb2 Qc7 11. Be2 e5 12. dxe5 Nxe5 13. Qd4 Ng6 14. Nxg6 hxg6 15.
h4 Be6 16. h5 Nxh5 17. Bxh5 Bf6 18. Qd1 Bxc3+ 19. Bxc3 gxh5 20. Bxg7 Kxg7 21.
Qxh5 Kf6 22. Qh4+ Kg6 23. Qh6+ 1-0

[Event "España tch División de Honor 2014"]
[Site "Linares ESP"]
[Date "2014.09.07"]
[Round "4.4"]
[White "Perez Candelario, Manuel"]
[Black "Gual Pascual, Antonio"]
[Result "1-0"]
[WhiteElo "2575"]
[BlackElo "2447"]
[PlyCount "61"]
[EventDate "2014.09.04"]
[EventType "team-tourn"]
[EventRounds "7"]
[EventCountry "ESP"]
[Source "lmi"]
[SourceDate "2014.09.04"]
[WhiteTeam "CLUB MAGIC EXTREMADURA"]
[BlackTeam "ESCOLA D'ESCACS DE BARCELONA"]

1. e4 g6 2. d4 Bg7 3. Nc3 d6 4. f4 Nf6 5. Nf3 c5 6. Bb5+ Bd7 7. e5 Ng4 8. Bxd7+
Qxd7 9. d5 dxe5 10. h3 e4 11. hxg4 exf3 12. Qxf3 Na6 13. Bd2 Nb4 14. O-O-O
O-O-O 15. Ne4 Nxd5 16. c4 Nf6 17. Ba5 Qc6 18. Bxd8 Nxe4 19. Ba5 Qf6 20. Bc3
Nxc3 21. bxc3 Qa6 22. Kb2 Qxc4 23. Rd3 Rd8 24. Rxd8+ Kxd8 25. Rxh7 Qb4+ 26. Kc2
Qa4+ 27. Kb1 Bf6 28. g5 Bd4 29. Qd3 Qa3 30. Rh3 b5 31. Qxb5 1-0

[Event "España tch División de Honor 2014"]
[Site "Linares ESP"]
[Date "2014.09.07"]
[Round "4.4"]
[White "Avila Jimenez, Xavier"]
[Black "Santos Latasa, Jaime"]
[Result "0-1"]
[WhiteElo "2220"]
[BlackElo "2486"]
[PlyCount "96"]
[EventDate "2014.09.04"]
[EventType "team-tourn"]
[EventRounds "7"]
[EventCountry "ESP"]
[Source "lmi"]
[SourceDate "2014.09.04"]
[WhiteTeam "ESCOLA D'ESCACS DE BARCELONA"]
[BlackTeam "CLUB MAGIC EXTREMADURA"]

1. d4 f5 2. Nc3 d5 3. Bg5 c6 4. Qd2 Nd7 5. h4 h6 6. Bf4 Ngf6 7. h5 e6 8. e3 Bb4
9. f3 O-O 10. a3 Ba5 11. Nge2 Qe7 12. O-O-O Nb6 13. Qe1 Nc4 14. Qg3 Kh8 15. Nb1
Nd7 16. Qh4 Qxh4 17. Rxh4 Bd8 18. Rh2 Bg5 19. Rd3 e5 20. Bxg5 hxg5 21. Nd2 e4
22. Rc3 Nd6 23. f4 g4 24. Ng3 Nf6 25. Nb3 Kg8 26. Kd2 Kf7 27. Nc5 Rh8 28. b4
Ke7 29. Rh1 a5 30. Nb3 a4 31. Nc1 Bd7 32. Na2 Rh6 33. b5 cxb5 34. Nb4 Nc4+ 35.
Ke1 Kd6 36. Kf2 Rah8 37. Kg1 R6h7 38. Be2 b6 39. Bf1 Nd2 40. Na2 Nb1 41. Be2
Nxh5 42. Kf2 Nxc3 43. Nxc3 Nxg3 44. Rxh7 Rxh7 45. Kxg3 b4 46. axb4 a3 47. Kf2
Rh1 48. Bf1 g3+ 0-1

[Event "España tch División de Honor 2014"]
[Site "Linares ESP"]
[Date "2014.09.07"]
[Round "4.4"]
[White "Moreno Tejera, Emilio"]
[Black "Orteu Capdevila, Max"]
[Result "1-0"]
[WhiteElo "2435"]
[BlackElo "2080"]
[PlyCount "83"]
[EventDate "2014.09.04"]
[EventType "team-tourn"]
[EventRounds "7"]
[EventCountry "ESP"]
[Source "lmi"]
[SourceDate "2014.09.04"]
[WhiteTeam "CLUB MAGIC EXTREMADURA"]
[BlackTeam "ESCOLA D'ESCACS DE BARCELONA"]

1. e4 c5 2. Nf3 d6 3. d4 cxd4 4. Nxd4 Nf6 5. Nc3 a6 6. Qd3 e5 7. Nf5 Bxf5 8.
exf5 Nbd7 9. g4 Nxg4 10. Qf3 Qh4 11. Rg1 Ngf6 12. Qxb7 Rb8 13. Qc6 Qb4 14. Bxa6
Qb6 15. Qxb6 Rxb6 16. Bc4 g6 17. a4 Rb4 18. b3 d5 19. Nxd5 Nxd5 20. Bxd5 Rd4
21. Bc4 Bb4+ 22. Ke2 Nb6 23. Bb5+ Ke7 24. Bg5+ f6 25. Be3 Rd6 26. c4 Nd7 27.
Bxd7 Kxd7 28. fxg6 hxg6 29. Rxg6 Rxh2 30. Rg7+ Kc8 31. a5 Ra6 32. Ra4 Bc3 33.
b4 e4 34. Rg1 f5 35. Bf4 Rh4 36. Bg3 Rg4 37. Rc1 Bd4 38. b5 Rh6 39. c5 Bb2 40.
a6 e3 41. Rxg4 fxg4 42. Rc2 1-0

[Event "España tch División de Honor 2014"]
[Site "Linares ESP"]
[Date "2014.09.08"]
[Round "5.1"]
[White "Giri, Anish"]
[Black "Rakhmanov, Aleksandr"]
[Result "1/2-1/2"]
[WhiteElo "2758"]
[BlackElo "2626"]
[PlyCount "77"]
[EventDate "2014.09.04"]
[EventType "team-tourn"]
[EventRounds "7"]
[EventCountry "ESP"]
[Source "lmi"]
[SourceDate "2014.09.04"]
[WhiteTeam "SESTAO NATURGAS ENERGIA"]
[BlackTeam "ESCOLA D'ESCACS DE BARCELONA"]

1. e4 d5 2. exd5 Qxd5 3. Nc3 Qd6 4. d4 g6 5. Nf3 Bg7 6. Nb5 Qb6 7. Na3 c6 8.
Nc4 Qc7 9. g3 Be6 10. Qe2 Bxc4 11. Qxc4 Nd7 12. Bg2 Ngf6 13. O-O O-O 14. Re1 e6
15. a4 a5 16. c3 Qb6 17. Qe2 Qa6 18. Qc2 Rfe8 19. h4 Rad8 20. Bg5 Rc8 21. Ne5
Nxe5 22. dxe5 Ng4 23. Bf4 h5 24. f3 Qb6+ 25. Kh1 Nh6 26. Bg5 Qc5 27. Qd2 Nf5
28. b4 axb4 29. cxb4 Qd4 30. Qxd4 Nxd4 31. Rad1 c5 32. bxc5 Nb3 33. Re3 Nxc5
34. Bf1 Ra8 35. Bb5 Rec8 36. Rc1 Na6 37. Rxc8+ Rxc8 38. f4 Nb4 39. Kg2 1/2-1/2

[Event "España tch División de Honor 2014"]
[Site "Linares ESP"]
[Date "2014.09.08"]
[Round "5.1"]
[White "Spraggett, Kevin"]
[Black "Fressinet, Laurent"]
[Result "0-1"]
[WhiteElo "2564"]
[BlackElo "2712"]
[PlyCount "80"]
[EventDate "2014.09.04"]
[EventType "team-tourn"]
[EventRounds "7"]
[EventCountry "ESP"]
[Source "lmi"]
[SourceDate "2014.09.04"]
[WhiteTeam "ESCOLA D'ESCACS DE BARCELONA"]
[BlackTeam "SESTAO NATURGAS ENERGIA"]

1. e4 e5 2. Nf3 Nc6 3. Bb5 Nf6 4. d3 Bc5 5. Bxc6 dxc6 6. Nbd2 Be6 7. O-O Nd7 8.
Nb3 Bb6 9. Ng5 Bxb3 10. axb3 f6 11. Nf3 Nf8 12. Nh4 Qd7 13. g3 Ne6 14. Kg2
O-O-O 15. Be3 Kb8 16. Bxb6 cxb6 17. f4 exf4 18. gxf4 g6 19. f5 Nd4 20. Qd2 a6
21. Kh1 Ka7 22. Rae1 c5 23. Qf2 Rdg8 24. Nf3 Nc6 25. Nd2 Rg7 26. Nc4 Rhg8 27.
Ne3 Qd4 28. fxg6 Rxg6 29. Rb1 Qe5 30. Nf5 Nb4 31. Ne3 Rg5 32. Qe2 Nc6 33. Nc4
Qe6 34. Ne3 Nd4 35. Qf2 Qh3 36. Rg1 Rxg1+ 37. Rxg1 Rxg1+ 38. Kxg1 Nf3+ 39. Kh1
Nxh2 40. Qxh2 Qxe3 0-1

[Event "España tch División de Honor 2014"]
[Site "Linares ESP"]
[Date "2014.09.08"]
[Round "5.1"]
[White "Edouard, Romain"]
[Black "Cruz, Cristhian"]
[Result "1-0"]
[WhiteElo "2674"]
[BlackElo "2569"]
[PlyCount "63"]
[EventDate "2014.09.04"]
[EventType "team-tourn"]
[EventRounds "7"]
[EventCountry "ESP"]
[Source "lmi"]
[SourceDate "2014.09.04"]
[WhiteTeam "SESTAO NATURGAS ENERGIA"]
[BlackTeam "ESCOLA D'ESCACS DE BARCELONA"]

1. e4 e6 2. d4 d5 3. Nc3 Nf6 4. e5 Nfd7 5. f4 c5 6. Nf3 Nc6 7. Be3 cxd4 8. Nxd4
Bc5 9. Qd2 O-O 10. O-O-O a6 11. Qf2 Nxd4 12. Bxd4 b6 13. g3 Bb7 14. Bh3 Rc8 15.
Rhe1 Re8 16. f5 Qc7 17. fxe6 fxe6 18. Ne2 b5 19. Rf1 Nxe5 20. Bxc5 Qxc5 21.
Qxc5 Rxc5 22. Nd4 Bc8 23. Rfe1 Ng6 24. Nxe6 Rc4 25. Rxd5 Nf8 26. Rde5 h6 27. b3
Rc3 28. Kb2 b4 29. a3 a5 30. Nf4 Rxe5 31. Rxe5 g5 32. Nd5 1-0

[Event "España tch División de Honor 2014"]
[Site "Linares ESP"]
[Date "2014.09.08"]
[Round "5.1"]
[White "Gual Pascual, Antonio"]
[Black "Rodshtein, Maxim"]
[Result "0-1"]
[WhiteElo "2447"]
[BlackElo "2678"]
[PlyCount "57"]
[EventDate "2014.09.04"]
[EventType "team-tourn"]
[EventRounds "7"]
[EventCountry "ESP"]
[Source "lmi"]
[SourceDate "2014.09.04"]
[WhiteTeam "ESCOLA D'ESCACS DE BARCELONA"]
[BlackTeam "SESTAO NATURGAS ENERGIA"]

1. Nf3 c5 2. c4 Nc6 3. Nc3 g6 4. g3 Bg7 5. Bg2 d6 6. O-O e6 7. a3 Nge7 8. Rb1
O-O 9. d3 a6 10. Bd2 Rb8 11. b4 cxb4 12. axb4 b5 13. cxb5 axb5 14. Qb3 e5 15.
Rfc1 Be6 16. Qd1 h6 17. e3 Qd7 18. Qf1 f5 19. Ne1 g5 20. f4 d5 21. Ne2 d4 22.
fxg5 hxg5 23. exd4 f4 24. gxf4 exf4 25. d5 Bxd5 26. Bxd5+ Nxd5 27. Qg2 g4 28.
Rxc6 f3 29. Bc1 0-1

[Event "España tch División de Honor 2014"]
[Site "Linares ESP"]
[Date "2014.09.08"]
[Round "5.1"]
[White "Romero Holmes, Alfonso"]
[Black "Avila Jimenez, Xavier"]
[Result "1-0"]
[WhiteElo "2488"]
[BlackElo "2220"]
[PlyCount "79"]
[EventDate "2014.09.04"]
[EventType "team-tourn"]
[EventRounds "7"]
[EventCountry "ESP"]
[Source "lmi"]
[SourceDate "2014.09.04"]
[WhiteTeam "SESTAO NATURGAS ENERGIA"]
[BlackTeam "ESCOLA D'ESCACS DE BARCELONA"]

1. e4 c6 2. f4 d5 3. e5 Bf5 4. Nf3 e6 5. c3 Nh6 6. h3 Be7 7. Qe2 Nd7 8. d4 c5
9. Be3 cxd4 10. Bxd4 O-O 11. g4 Bxb1 12. Rxb1 Nc5 13. Qg2 Kh8 14. Be2 Qa5 15.
a3 Nb3 16. O-O Nxd4 17. cxd4 Rac8 18. Bd3 g6 19. Qe2 Qa4 20. Qd2 Ng8 21. Rbc1
a6 22. f5 Rfe8 23. f6 Nxf6 24. exf6 Bxf6 25. Qf4 Bg7 26. Rxc8 Rxc8 27. g5 Qb3
28. Qd2 Qb6 29. Kg2 Bxd4 30. Nxd4 Qxd4 31. Rxf7 Qe5 32. Rf2 Kg8 33. Qf4 Qxf4
34. Rxf4 e5 35. Rb4 Rc7 36. Kf2 Kf7 37. Rb6 Ke7 38. Ke3 e4 39. Be2 Rc2 40. Bg4
1-0

[Event "España tch División de Honor 2014"]
[Site "Linares ESP"]
[Date "2014.09.08"]
[Round "5.1"]
[White "Orteu Capdevila, Max"]
[Black "Del Rio De Angelis, Salvador G"]
[Result "0-1"]
[WhiteElo "2080"]
[BlackElo "2517"]
[PlyCount "94"]
[EventDate "2014.09.04"]
[EventType "team-tourn"]
[EventRounds "7"]
[EventCountry "ESP"]
[Source "lmi"]
[SourceDate "2014.09.04"]
[WhiteTeam "ESCOLA D'ESCACS DE BARCELONA"]
[BlackTeam "SESTAO NATURGAS ENERGIA"]

1. e4 Nf6 2. e5 Nd5 3. Bc4 Nb6 4. Bb3 d5 5. exd6 cxd6 6. Nf3 Nc6 7. Nc3 d5 8.
h3 Bf5 9. d3 e6 10. Bf4 Bd6 11. Bxd6 Qxd6 12. Ne2 e5 13. Ng3 Be6 14. Qd2 f6 15.
a3 O-O-O 16. O-O-O Kb8 17. Kb1 h5 18. Ne2 h4 19. d4 e4 20. Nh2 g5 21. f4 exf3
22. Nxf3 Bf5 23. Rhf1 Bg6 24. Rde1 a6 25. Nc1 Be4 26. Ka1 Rhe8 27. Qf2 Qg3 28.
Qxg3+ hxg3 29. c3 Re7 30. Ne2 Bxf3 31. Rxf3 Rde8 32. Bd1 Re6 33. Rxg3 Nc4 34.
Rf3 Ne3 35. Ng3 Nc2+ 36. Bxc2 Rxe1+ 37. Ka2 Rg1 38. Rf2 Ree1 39. b3 Re3 40. Nf5
Ree1 41. Ng3 Nd8 42. Kb2 Ne6 43. Nh5 Rgf1 44. Rxf6 Nf4 45. Nxf4 gxf4 46. c4 Rf2
47. Kc3 Rc1 0-1

[Event "España tch División de Honor 2014"]
[Site "Linares ESP"]
[Date "2014.09.08"]
[Round "5.2"]
[White "Narciso Dublan, Marc"]
[Black "Ivanchuk, Vassily"]
[Result "0-1"]
[WhiteElo "2524"]
[BlackElo "2726"]
[PlyCount "116"]
[EventDate "2014.09.04"]
[EventType "team-tourn"]
[EventRounds "7"]
[EventCountry "ESP"]
[Source "lmi"]
[SourceDate "2014.09.04"]
[WhiteTeam "C. E.  BARBERA"]
[BlackTeam "MERIDA PATRIMONIO DE LA HUMANIDAD"]

1. d4 d5 2. c4 c6 3. Nf3 Nf6 4. e3 a6 5. Bd3 Bg4 6. Nbd2 e6 7. Qc2 Nbd7 8. b3
Bh5 9. O-O Be7 10. Bb2 Bg6 11. Bxg6 hxg6 12. e4 dxe4 13. Nxe4 Qa5 14. Rfe1 Qf5
15. Nxf6+ Nxf6 16. Rac1 Qxc2 17. Rxc2 O-O 18. Kf1 Rfd8 19. Bc3 a5 20. a4 Kf8
21. h3 c5 22. Rd2 cxd4 23. Rxd4 Nd7 24. Ke2 Bf6 25. Rd3 Bxc3 26. Rxc3 b6 27.
Rd1 Nc5 28. Ne5 Rxd1 29. Kxd1 Rd8+ 30. Kc2 g5 31. Re3 f6 32. Nf3 Kf7 33. Nd2
Rd4 34. Nb1 f5 35. Nc3 Kf6 36. Ne2 Rd7 37. Nc3 Na6 38. Na2 Rd4 39. Re2 Nc5 40.
Nc1 g4 41. hxg4 Rxg4 42. g3 f4 43. gxf4 Rxf4 44. Kd1 g5 45. Ke1 Rf3 46. Rb2 Rh3
47. Rc2 g4 48. Kf1 Ke5 49. Kg2 Rf3 50. Kg1 Kd4 51. Rd2+ Nd3 52. Ne2+ Kc5 53.
Nc3 Nxf2 54. Nb5 Nh3+ 55. Kh1 Nf4 56. Nc7 g3 57. Kg1 Rc3 58. Rd1 Rc2 0-1

[Event "España tch División de Honor 2014"]
[Site "Linares ESP"]
[Date "2014.09.08"]
[Round "5.2"]
[White "Almasi, Zoltan"]
[Black "Vassallo Barroche, Mauricio"]
[Result "1-0"]
[WhiteElo "2694"]
[BlackElo "2424"]
[PlyCount "77"]
[EventDate "2014.09.04"]
[EventType "team-tourn"]
[EventRounds "7"]
[EventCountry "ESP"]
[Source "lmi"]
[SourceDate "2014.09.04"]
[WhiteTeam "MERIDA PATRIMONIO DE LA HUMANIDAD"]
[BlackTeam "C. E.  BARBERA"]

1. e4 d6 2. d4 Nf6 3. Nc3 e5 4. Nf3 exd4 5. Nxd4 Be7 6. g3 Nc6 7. Nde2 Rb8 8.
Bg2 b5 9. O-O O-O 10. h3 a5 11. Re1 Re8 12. a3 Bd7 13. Nf4 Bf8 14. b3 g6 15.
Bb2 Bg7 16. Rb1 b4 17. axb4 axb4 18. Ncd5 Nxd5 19. Nxd5 Bxb2 20. Rxb2 Be6 21.
Ne3 Qf6 22. Ra2 Qc3 23. Qa1 Qxa1 24. Rexa1 Nd4 25. Ra7 Nb5 26. R7a5 f6 27. e5
fxe5 28. Bc6 Nd4 29. Bxe8 Rxe8 30. Ra8 Kf8 31. g4 h5 32. Kg2 Bd7 33. Rxe8+ Kxe8
34. gxh5 gxh5 35. Kg3 Bc6 36. Kh4 Bf3 37. Ra4 c5 38. Ra7 Be4 39. Kxh5 1-0